<?xml version="1.0" encoding="UTF-8"?><record xmlns="http://www.loc.gov/MARC21/slim" xmlns:zs="http://docs.oasis-open.org/ns/search-ws/sruResponse">
  <leader>00948ngm a22002655a 4500</leader>
  <controlfield tag="001">11708766</controlfield>
  <controlfield tag="005">20250606175513.1</controlfield>
  <controlfield tag="007">v| ||||||</controlfield>
  <controlfield tag="008">980115s1997    xx                vlund  </controlfield>
  <datafield ind1=" " ind2=" " tag="035">
    <subfield code="a">11708766</subfield>
  </datafield>
  <datafield ind1=" " ind2=" " tag="906">
    <subfield code="a">0</subfield>
    <subfield code="b">ibc</subfield>
    <subfield code="c">orignew</subfield>
    <subfield code="d">u</subfield>
    <subfield code="e">ncip</subfield>
    <subfield code="f">19</subfield>
    <subfield code="g">y-movingim</subfield>
  </datafield>
  <datafield ind1=" " ind2=" " tag="010">
    <subfield code="a">   98500874 </subfield>
  </datafield>
  <datafield ind1=" " ind2=" " tag="017">
    <subfield code="a">PA851-042</subfield>
    <subfield code="b">U.S. Copyright Office</subfield>
  </datafield>
  <datafield ind1=" " ind2=" " tag="035">
    <subfield code="9">(DLC)   98500874</subfield>
  </datafield>
  <datafield ind1=" " ind2=" " tag="040">
    <subfield code="a">DLC</subfield>
    <subfield code="c">DLC</subfield>
    <subfield code="e">amim</subfield>
  </datafield>
  <datafield ind1="0" ind2="0" tag="050">
    <subfield code="a">VAF 3439 (viewing copy)</subfield>
  </datafield>
  <datafield ind1="0" ind2="4" tag="245">
    <subfield code="a">The Titanic.</subfield>
  </datafield>
  <datafield ind1=" " ind2=" " tag="260">
    <subfield code="c">1997.</subfield>
  </datafield>
  <datafield ind1=" " ind2=" " tag="300">
    <subfield code="a">1 videocassette of 1 (VHS) :</subfield>
    <subfield code="b">sd., col. and b&amp;w ;</subfield>
    <subfield code="c">1/2 in. viewing copy.</subfield>
  </datafield>
  <datafield ind1=" " ind2=" " tag="500">
    <subfield code="a">Copyright: Simitan Entertainment, Inc. PA851-042.</subfield>
  </datafield>
  <datafield ind1=" " ind2=" " tag="500">
    <subfield code="a">Sources used: copyright data base; copyright data sheet.</subfield>
  </datafield>
  <datafield ind1=" " ind2=" " tag="541">
    <subfield code="d">Received: 9/9/97;</subfield>
    <subfield code="3">viewing copy;</subfield>
    <subfield code="c">copyright deposit--no agreement;</subfield>
    <subfield code="a">Copyright Collection.</subfield>
  </datafield>
  <datafield ind1="2" ind2=" " tag="710">
    <subfield code="a">Copyright Collection (Library of Congress)</subfield>
    <subfield code="5">DLC</subfield>
  </datafield>
  <datafield ind1=" " ind2=" " tag="953">
    <subfield code="a">TE01</subfield>
  </datafield>
  <datafield ind1=" " ind2=" " tag="991">
    <subfield code="b">c-MP&amp;TV</subfield>
    <subfield code="h">VAF 3439 (viewing copy)</subfield>
    <subfield code="w">MUMS VM File</subfield>
  </datafield>
</record>
